| 000 | 00468nam a2200145Ia 4500 | ||
|---|---|---|---|
| 008 | 220216s9999 xx 000 0 und d | ||
| 100 | _aNicole Michel R | ||
| 245 | 0 | _aUltrastructural localization of chitin in cell walls of Rigidoporus lignosus the white rot fungus of rubber tree roots | |
| 260 |
_bPhysiolgical amd Molecular Plant pathology _c1991 |
||
| 300 | _a415-431 | ||
| 500 | _aSource Year: 1992 | ||
| 700 | _aNicole Benhamou | ||
| 856 | _uBA | ||
| 942 | _cJS | ||
| 999 |
_c71721 _d71721 |
||